| Tag |
First Indicator |
Second Indicator |
Subfields |
| LEADER |
00000cam a2200000 a 4500 |
| 001 |
in00000004300 |
| 005 |
20151007051139.0 |
| 008 |
990514s1999 dcu b f000 0 eng d |
| 035 |
|
|
|a (OCoLC)41365745
|
| 035 |
|
|
|9 AJG8154AM
|
| 037 |
|
|
|a NCJ 175047
|b NIJ
|
| 040 |
|
|
|d GPO
|d DLC
|d MvI
|d UtOrBLW
|
| 043 |
|
|
|a n-us---
|
| 049 |
|
|
|a UDOC
|
| 074 |
|
|
|a 0718-A-07
|
| 086 |
0 |
|
|a J 28.23:P 75/7
|
| 100 |
1 |
|
|a Parent, Dale G.
|
| 245 |
1 |
0 |
|a Police-corrections partnerships /
|c by Dale Parent, Brad Snyder.
|
| 246 |
2 |
|
|a Police corrections partnerships
|
| 264 |
|
1 |
|a Washington, DC :
|b U.S. Dept. of Justice, Office of Justice Programs, National Institute of Justice,
|c [1999]
|
| 300 |
|
|
|a ix, 52 pages ;
|c 28 cm.
|
| 336 |
|
|
|a text
|b txt
|2 rdacontent
|
| 337 |
|
|
|a unmediated
|b n
|2 rdamedia
|
| 338 |
|
|
|a volume
|b nc
|2 rdacarrier
|
| 490 |
1 |
|
|a Issues and practices in criminal justice
|
| 500 |
|
|
|a "Prepared ... by Abt Associates, Inc., under contract # OJP-94-C-007"--Title page verso.
|
| 500 |
|
|
|a "In cooperation with the Office of Community Oriented Policing Services and Corrections Program Office"--Cover.
|
| 500 |
|
|
|a Shipping list number: 99-0223-P.
|
| 500 |
|
|
|a "March 1999."
|
| 504 |
|
|
|a Includes bibliographical references.
|
| 650 |
|
0 |
|a Criminal justice, Administration of
|z United States.
|
| 650 |
|
0 |
|a Community policing
|z United States.
|
| 650 |
|
0 |
|a Community-based corrections
|z United States.
|
| 700 |
1 |
|
|a Snyder, Brad.
|
| 710 |
2 |
|
|a National Institute of Justice (U.S.)
|
| 710 |
2 |
|
|a Abt Associates.
|
| 830 |
|
0 |
|a Issues and practices in criminal justice.
|
| 999 |
|
|
|a MARS
|
| 999 |
f |
f |
|s 85dc579e-71ca-3076-9ad7-fa537dbf7036
|i 12387d50-bbb3-3172-aafd-25725dfb65a6
|t 0
|
| 952 |
f |
f |
|p normal
|a Texas A&M University
|b College Station
|c Sterling C. Evans Library
|d Evans: US Documents (Annex 5th floor)
|t 0
|e J 28.23:P 75/7
|h Superintendent of Documents classification
|i unmediated -- volume
|m A14824476571
|
| 998 |
f |
f |
|a J 28.23:P 75/7
|t 0
|l Evans: US Documents (Annex 5th floor)
|